Countries for tennis players 2013 - Statistics

General Stats
  • This quiz has been taken 4,143 times
  • The average score is 26 of 30
Answer Stats
Rank Player Answer % Correct
1 Rafael Nadal Spain
100%
2 Novak Djokovic Serbia
99%
4 Andy Murray United Kingdom
99%
7 Roger Federer Switzerland
97%
5 Juan Martin Del Potro Argentina
95%
9 Richard Gasquet France
94%
3 David Ferrer Spain
94%
10 Jo-Wilfried Tsonga France
93%
17 Kei Nishikori Japan
93%
8 Stanislas Wawrinka Switzerland
92%
14 John Isner United States of America
92%
16 Fabio Fognini Italy
90%
19 Gilles Simon France
88%
28 Feliciano Lopez Spain
86%
11 Milos Raonic Canada
85%
26 Benoit Paire France
85%
30 Fernando Verdasco Spain
85%
22 Philipp Kohlschreiber Germany
84%
12 Tommy Haas Germany
83%
15 Mikhail Youzhny Russia
81%
13 Nicolas Almagro Spain
81%
18 Tommy Robredo Spain
81%
23 Grigor Dimitrov Bulgaria
80%
25 Andreas Seppi Italy
80%
6 Tomas Berdych Czech Republic
79%
20 Kevin Anderson South Africa
79%
29 Dmitry Tursunov Russia
76%
21 Jerzy Janowicz Poland
75%
27 Jurgen Melzer Austria
66%
24 Ernests Gulbis Latvia
60%
No matching quizzes found
Score Distribution
Percent of People with Each Score
Percentile by Number Answered
Your Score History
You have not taken this quiz